Márgenes de la filosofía
Tallennettuna:
| Päätekijä: | |
|---|---|
| Aineistotyyppi: | Kirja |
| Kieli: | espanja |
| Julkaistu: |
Madrid
Cátedra
2003
|
| Painos: | 4a. ed |
| Sarja: | Colección Teorema. Serie Mayor
|
| Aiheet: | |
| Tagit: |
Lisää tagi
Ei tageja, Lisää ensimmäinen tagi!
|
MARC
| LEADER | 00000nam a2200000 a 4500 | ||
|---|---|---|---|
| 001 | UCL4611 | ||
| 003 | CL-VaPUC | ||
| 008 | 040123e20030000SP |||||||||||||||||spa|d | ||
| 020 | |a 8437608619 | ||
| 082 | 0 | 4 | |a 100 |b DER |2 21 |
| 100 | |a Derrida, Jacques |d 1930-2004 |e author |9 449254 | ||
| 245 | 1 | 0 | |a Márgenes de la filosofía |
| 250 | |a 4a. ed | ||
| 300 | |a 372 p | ||
| 942 | |c BK | ||
| 945 | |d 20040123 00:00:00 |a cmena | ||
| 260 | |a Madrid |b Cátedra |c 2003 | ||
| 650 | 0 | |a Filosofía |9 223554 | |
| 650 | 0 | |a Semiología |9 317916 | |
| 650 | 0 | |a Teoría del conocimiento |9 255038 | |
| 650 | 0 | |a Filosofía del lenguaje |9 257082 | |
| 650 | 0 | |a Humanismo |9 256530 | |
| 583 | |a last modification |c 20040123 00:00:00 |k Rodrigo Vera | ||
| 490 | 0 | |a Colección Teorema. Serie Mayor | |
| 999 | |c 307430 |d 307428 | ||
| 952 | |0 0 |1 0 |4 0 |6 100_000000000000000_DER_2003 |7 0 |8 A |9 373389 |a BIBARQ |b BIBARQ |d 2019-11-21 |i 3982394 |o 100 DER 2003 |p 3982394 |r 2025-01-20 |w 2019-11-21 |y BK |k ARQ | ||